Общъ войнишки учебникъ (Запис номер 382210)
[ съкратено ]
| 000 -Лидер | |
|---|---|
| Контролно поле с фиксирана дължина | nam a22 a 4500 |
| 003 - Код на организацията, давaща контролен номер | |
| Контролно поле | BLK |
| 005 - Дата и час на последна редакция | |
| Контролно поле | 20210726120816.0 |
| 008 - Елементи от данни с фиксирана дължина | |
| fixed length control field | 200813b bu ||||| |||| 00| 0 bu d |
| 020 ## - Международен стандартен номер на книга ISBN | |
| Международен стандартен номер на книга ISBN | 9786197496574 |
| 040 ## - Източник на каталожния запис | |
| Идентификатор на билиотеката - собственик на записа | BLK |
| 041 ## - Код за език | |
| Код за езика на текст/звукозапис или на отделно заглавие | Български |
| Код за езика КДБФ | Български |
| 080 ## - УДК | |
| Текстов определител УДК | Военно дело. Военни науки. Народна отбрана. Въоръжени сили |
| УДК код - определител по УДК | 355/359 |
| УДК - код + определител | 355/359 |
| 139 ## - Редно поле | |
| Редна дума | Общъ войнишки учебникъ |
| Авторски знак | Общ - О 25 |
| 245 ## - Сведения за заглавието | |
| Заглавие | Общъ войнишки учебникъ |
| Подзаглавни данни | Фототипно издание на военно-издателски фондъ от 1936 г. |
| 260 ## - Област на издателските данни | |
| 9 (RLIN) | 391895 |
| Място на издаване, разпространение и проч. | София |
| Име на издателя, разпространителя и проч. | Българска история |
| Година на издаване | 2020 |
| 300 ## - Физическа характеристика | |
| Страници | 203 с. |
| Илюстрации и др. | с ил., портр. |
| Размери/Мащаб | 21 см |
| 380 ## - Жанр | |
| Жанр | Обществени науки |
| 650 #0 - Допълнително описание по предмет – тема | |
| 9 (RLIN) | 319620 |
| Основно описание – тема или топоним | Армия, българска |
| 653 #7 - Ключова дума – ненормативна | |
| 9 (RLIN) | 182624 |
| Ключова дума | българска армия |
| 653 #7 - Ключова дума – ненормативна | |
| 9 (RLIN) | 199103 |
| Ключова дума | учебници |
| 852 ## - Местоположение | |
| Форматна сигнатура | Цб 308345 |
| 999 ## - СИСТЕМНИ КОНТРОЛНИ НОМЕРА | |
| Koha biblionumber | 382210 |
| Koha biblioitemnumber | 382210 |
| 942 ## - АРТИКУЛИ | |
| Вид на библиотечния материал | Книги |
| Скрит в OPAC | Не |
| Периодичен библиозапис | Да |
| 944 ## - СЪЗДАВАНЕ И РЕДАКЦИЯ на ЗАПИСА | |
| Създаване/Редакция | Създаване |
| Дата на регистрацията/редакция | 2020-08-13 |
| Служител, извършил регистрацията/редакцията | Валя Йорданова |
| 999 ## - СИСТЕМНИ КОНТРОЛНИ НОМЕРА | |
| Koha biblioitemnumber | 382210 |
| 999 ## - СИСТЕМНИ КОНТРОЛНИ НОМЕРА | |
| Koha biblioitemnumber | 382210 |
| Код за отписване | Код за изгубен артикул | Източник на класификационната схема | Код за повреда | Коз за рестрикции | Код за отдаване | Артикулен № | Име на библиотеката - собственик | Име на библиотеката, в която се намира в момента | Статус (Текущо местоположение) | Дата на вписване в системата | Местоположение - отдел | Цена в лева | Систематично азбучна сигнатура | Баркод | Цена в евро | Служебен тип на артикула |
|---|---|---|---|---|---|---|---|---|---|---|---|---|---|---|---|---|
| Не е изгубен | Universal Decimal Classification | Не е повреден | без рестрикции | заемане за дома | 800797 | Регионална библиотека "Любен Каравелов" Русе | Регионална библиотека "Любен Каравелов" Русе | Заемна - подръчен фонд | 2020-09-26 | Заемна - подръчен фонд | 10.50 | 355/О 25 | 120000847916 | 5.37 | Книги | |
| Не е изгубен | Universal Decimal Classification | Не е повреден | само за читалня | ползва се в читалня | 845269 | Регионална библиотека "Любен Каравелов" Русе | Регионална библиотека "Любен Каравелов" Русе | Хранилище | 2021-07-29 | Хранилище | 14.00 | Цб 308345 | 120000858293 | 7.16 | Книги |